| 000 | 01017cam a2200301 a 4500 | ||
|---|---|---|---|
| 999 |
_c4723 _d4723 |
||
| 001 | 16053217 | ||
| 003 | GZU | ||
| 005 | 20210317110409.0 | ||
| 008 | 100113s2009 sa a b 001 0 eng | ||
| 010 | _a 2009288725 | ||
| 020 | _a9780195980547 (pbk.) | ||
| 020 | _a9780195998375 | ||
| 020 | _a0195980549 (pbk.) | ||
| 040 |
_aDLC _cDLC _dDLC |
||
| 042 | _apcc | ||
| 043 | _af-sa--- | ||
| 050 | 0 | 0 |
_aRC451.S6 _bABN 2009 |
| 245 | 0 | 0 |
_aAbnormal psychology : _ba South African perspective / _cTracey-Lee Austin ... [et al.] ; edited by Alban Burke. |
| 260 |
_aSouth Africa : _bOxford University Press, _c2009. |
||
| 300 |
_aviii, 560 p. : _bill. ; _c25 cm. |
||
| 504 | _aIncludes bibliographical references (p. [490]-525) and index. | ||
| 650 | 0 | _aPsychology, Pathological. | |
| 650 | 0 |
_aMental illness _zSouth Africa _vCase studies. |
|
| 700 | 1 |
_aAustin, Tracey-Lee. _eauthor |
|
| 700 | 1 |
_aBurke, Alban. _eeditor |
|
| 906 |
_a7 _bcbc _corigres _d2 _encip _f20 _gy-gencatlg |
||
| 942 |
_2lcc _cBK _e2nd ed. _h451.S6 _iABN _kRC |
||